000 00392nam a2200169Ia 4500
008 170705s9999 xx 000 0 und d
020 _a9780545389945
245 _aAstonishing animal ABC /
245 _cCharles fuge.
260 _aNew York :
260 _bScholastic,
260 _c2011
300 _aunpaged :
300 _bcolor illustration ;
300 _c22cm.
500 _a750
999 _c336284
_d336284